Les 20 préfectures les plus proches de Fort de France - Statistiques

Statistiques générales
  • Ce quiz a été pris 88 fois
    84 depuis la dernière actualisation
  • Le résultat moyen est 17 sur 20
Statistiques - réponses
distance (en km) ville préfecture % Correct
6 562 Bordeaux
93%
1 440 Cayenne
93%
6 538 La Roche sur Yon
91%
6 542 Nantes
91%
6 547 La Rochelle
88%
6 548.78 Pau
88%
6 378 Quimper
88%
6 555 Rennes
88%
6 465 Vannes
88%
6 622 Angers
86%
6 549.46 Mont de Marsan
85%
171 Basse-Terre
84%
6 489 Saint Brieuc
83%
6 628 Poitiers
80%
6 635 Angouleme
79%
6 620 Laval
79%
6 602 Niort
79%
6 583 Tarbes
74%
6 631 Auch
69%
6 623 Saint Lo
68%
Aucun quiz correspondant
Distribution des résultats
% des personnes avec chaque résultat
Percentile par nombre de réponses
Votre historique - résultats
Vous n’avez pas pris ce quiz depuis la dernière actualisation